000 00909nam a2200289 4500
008
020 _a9781844453740 (pbk.)
049 _aMAIN
090 _aRT62
_bWIL
100 1 _aWilliamson, Graham R
245 1 0 _aContexts of contemporary nursing /
_cGraham R. Williamson, Tim Jenkinson and Tracey Proctor-Childs
250 _a2nd ed.
260 _aExeter :
_bLearning Matters Ltd.,
_c2010
300 _ax, 206 p. :
_bill. ;
_c26 cm.
440 1 _aTransforming nursing practice series
500 _aIncludes index.
504 _aIncludes bibliographical references.
650 0 _aNursing
_xPractice
_zGreat Britain
700 1 _aJenkinson, Tim
700 1 _aProctor-Childs, Tracey
700 1 _aWilliamson, Graham R.
907 _a.b10383542
_b03-09-21
_c22-09-17
003
005 20230120204229.0
040 _cNUST
942 _cBOOKS
_kRT62
_mWIL
999 _c119487
_d119487